000 00571nam a2200145Ia 4500
008 100204s9999 xx 000 0 und d
082 _b6064
100 _aभिडे रामकृष्ण गोपाळ
245 _aनेताजी सुभाषचंद्र बोस
260 _b"चित्रशाला प्रकाशन , पुणे"
_c1967 3
300 _a79
630 _aनेताजी सुभाषचंद्र बोस
730 _aनेताजी सुभाषचंद्र बोस
942 _cBOOK
999 _c450559
_d450556